Aru Shah and the end of time / (Record no. 14004)
[ view plain ]
| 000 -LEADER | |
|---|---|
| fixed length control field | 00897cam a2200265 i 4500 |
| 020 ## - ISBN | |
| ISBN | 9781338359282 |
| 020 ## - ISBN | |
| ISBN | 9781368012355 |
| 082 ## - DEWEY DECIMAL CLASSIFICATION NUMBER | |
| Classification number | Fic C4529 2018 |
| 100 1# - MAIN ENTRY--PERSONAL NAME | |
| Personal name | Chokshi, Roshani. |
| 245 10 - TITLE STATEMENT | |
| Title | Aru Shah and the end of time / |
| Statement of responsibility, etc. | by Roshani Chokshi. |
| 250 ## - EDITION STATEMENT | |
| Edition statement | First edition. |
| 260 ## - PUBLICATION, DISTRIBUTION, ETC. (IMPRINT) | |
| Place of publication, distribution, etc. | New York : |
| Name of publisher, distributor, etc. | Scholastic Inc., |
| Date of publication, distribution, etc. | c2018. |
| 300 ## - PHYSICAL DESCRIPTION | |
| Extent/Page number | 355 pages ; |
| Dimensions | 22 cm. |
| 337 ## - MEDIA TYPE | |
| Media type term | unmediated |
| Media type code | n |
| 520 ## - SUMMARY, ETC. | |
| Summary, etc. | Twelve-year-old Aru stretches the truth to fit in at her private school, but when she is dared to prove an ancient lamp is cursed, she inadvertently frees an ancient demon. |
| 526 ## - STUDY PROGRAM INFORMATION NOTE | |
| PROGRAM TYPE | FICTION |
| 650 #1 - SUBJECT ADDED ENTRY--TOPICAL TERM | |
| Topical term or geographic name as entry element | Supernatural--Fiction. |
| 650 #1 - SUBJECT ADDED ENTRY--TOPICAL TERM | |
| Topical term or geographic name as entry element | Demonology--Fiction. |
| 650 #1 - SUBJECT ADDED ENTRY--TOPICAL TERM | |
| Topical term or geographic name as entry element | Blessing and cursing--Fiction. |
| 650 #1 - SUBJECT ADDED ENTRY--TOPICAL TERM | |
| Topical term or geographic name as entry element | Indic mythology--Fiction. |
| 650 #1 - SUBJECT ADDED ENTRY--TOPICAL TERM | |
| Topical term or geographic name as entry element | Antiquities--Fiction. |
| 650 #1 - SUBJECT ADDED ENTRY--TOPICAL TERM | |
| Topical term or geographic name as entry element | Museums. |
| 650 #1 - SUBJECT ADDED ENTRY--TOPICAL TERM | |
| Topical term or geographic name as entry element | Honesty--Fiction. |
| 942 ## - ADDED ENTRY ELEMENTS | |
| Classification | |
| Item type | Book |
| Withdrawn status | Lost status | Source of classification or shelving scheme | Damaged status | Not for loan | Collection code | Permanent Location | Current Location | Shelving location | Date acquired | Source of acquisition | Inventory number | Full call number | Barcode | Date last seen | Copy number | Price effective from | Item type |
|---|---|---|---|---|---|---|---|---|---|---|---|---|---|---|---|---|---|
| Fiction | High School Library | High School Library | DEAR | 2025-12-09 | Scholastic | 8403 | Fic C4529 2018 c.1 | HS8403 | 2026-02-16 | 1 | 2025-12-09 | Book | |||||
| Fiction | High School Library | High School Library | DEAR | 2025-12-09 | Scholastic | 8404 | Fic C4529 2018 c.2 | HS8404 | 2026-02-16 | 2 | 2025-12-09 | Book | |||||
| Fiction | High School Library | High School Library | DEAR | 2025-12-09 | Scholastic | 8405 | Fic C4529 2018 c.3 | HS8405 | 2026-02-16 | 3 | 2025-12-09 | Book | |||||
| Fiction | High School Library | High School Library | DEAR | 2025-12-09 | Scholastic | 8406 | Fic C4529 2018 c.4 | HS8406 | 2026-02-16 | 4 | 2025-12-09 | Book |